Notes on some mammals from Jalisco, Mexico (Registro nro. 11523)

Detalles MARC
000 -CABECERA
Campo de control 005170000a22001690004500
090 ## - CLASIFICACIÓN LOCAL
Colección AR
Consecutivo 02456
041 0# - IDIOMA
Código de idioma para texto/pista de sonido o título separado
100 1# - ASIENTO PRINCIPAL--NOMBRE PERSONAL
Nombre personal Genoways, Hugh H.
245 10 - MENCION DE TITULO
Título Notes on some mammals from Jalisco, Mexico
650 14 - ASIENTO SECUNDARIO DE MATERIA - TERMINO TEMATICO
Término temático o nombre geográfico como elemento de entrada Mamíferos
650 14 - ASIENTO SECUNDARIO DE MATERIA - TERMINO TEMATICO
Término temático o nombre geográfico como elemento de entrada Taxonomía animal
650 14 - ASIENTO SECUNDARIO DE MATERIA - TERMINO TEMATICO
Término temático o nombre geográfico como elemento de entrada Patrones de distribución
651 #4 - ASIENTO SECUNDARIO DE MATERIA - NOMBRE GEOGRAFICO
-- Jalisco
-- México
700 1# - ASIENTO SECUNDARIO - NOMBRE PERSONAL
Nombre personal Jones, J. Knox
773 1# - Item fuente:
Título Occasional Papers: Museum of Texas Tech University
Especificación de materiales 430
Descripción física 9
Paginas del Articulo 1-22
Lugar, editorial y fecha de publicación 1973
942 ## - ELEMENTOS ADICIONALES (KOHA)
Tipo de ítem Artículo
Existencias
Withdrawn status Lost status Damaged status No para préstamo Colección Ubicación Permanente Ubicación actual Fecha de adquisición Datos de publicación Seriada Total Checkouts Número topográfico Inventario / Código de Barras Date last seen Ejemplar Price effective from Forma de adquisición Tipo de material
      No para Préstamo Hemeroteca Bogotá Bogotá 27/02/2015 Fuera de circulación   AR 02456 012863 25/03/2015 1 25/03/2015   Artículo